000 02344nam0a2200409 4500
001 RU\NLR\BIBL_A\012066180
005 20260607090806.0
010 _a978-5-6041584-8-7
_9200
021 _aRU
_bКН-П-19-048288
_9КН-П-19-3511
035 _a(NLR Aleph) 012066180
035 _a(RuMoRGB)010029046
090 _a11730825
_c11730825
100 _a20190729d2018 u y0rusy50 ca
101 0 _arus
102 _aRU
105 _ay z 000zy
200 1 _aКонфликтологическая культура педагогов, работающих в школах, которые функционируют в неблагоприятных социальных условиях
_fМинистерство образования Московской области, Академия социального управления
_g[авт.-сост.: Г. Б. Корнетов]
210 _aМосква
_cАСОУ
_cТинго
_d2018
215 _a18, [1] с.
_d21
320 _aБиблиогр. в подстроч. примеч.
606 1 _aШколы, функционирующие в неблагоприятных социальных условиях
_xПедагогический коллектив
_92425161
_3RU\NLR\AUTH\6601662400
606 1 _aУченический коллектив
_xМежличностные отношения
_92194564
_3RU\NLR\AUTH\661319047
606 _aШкольный коллектив
_xКонфликты
_xРазрешение
_3RU\NLR\AUTH\661573243
_92099038
610 0 _aконфликтологическая культура педагога
610 0 _aшкола в неблагоприятных социальных условиях
686 1 _aЧ421.314
686 1 _aЧ421.42
686 1 _aЮ984.030.2-994
686 1 _aС550.55
702 1 _aКорнетов
_bГ. Б.
_gГригорий Борисович
_4220
712 0 2 _4475
_aАкадемия социального управления
_cМосква
_9662663
_3RU\NLR\AUTH\8810080266
942 _cBOOK
980 _aNBR
980 _aNB